От дифференциации наук - к трансдисциплинарности (Запись № 12193357)

Подробности
000 -МАРКЕР
контрольное поле 03095nam0a2200409 4500
001 - ИДЕНТИФИКАТОР ЗАПИСИ
контрольное поле RU\NLR\BIBL_A\012161631
005 - ИДЕНТИФИКАТОР ВЕРСИИ
контрольное поле 20200131172116.0
010 ## - МЕЖДУНАРОДНЫЙ СТАНДАРТНЫЙ НОМЕР КНИГИ (ISBN)
Номер (ISBN) 978-5-7810-1870-3
Тираж 70
021 ## - НОМЕР ГОСУДАРСТВЕННОЙ РЕГИСТРАЦИИ
Код страны Российская Федерация
Номер КН-П-19-084899
Номер Листа государственной регистраци КН-П-19-6175
035 ## - ДРУГИЕ СИСТЕМНЫЕ НОМЕРА
Идентификатор записи (NLR Aleph) 012161631
035 ## - ДРУГИЕ СИСТЕМНЫЕ НОМЕРА
Идентификатор записи (RuMoRGB)010152309
100 ## - ДАННЫЕ ОБЩЕЙ ОБРАБОТКИ
Данные общей обработки 20191211d2019 k y0rusy50 ca
101 0# - ЯЗЫК РЕСУРСА
Язык текста, звукозаписи и т.д. русский
-- немецкий
-- словацкий
-- английский
102 ## - СТРАНА ПУБЛИКАЦИИ ИЛИ ПРОИЗВОДСТВА
Страна публикации Российская Федерация
105 ## - ПОЛЕ КОДИРОВАННЫХ ДАННЫХ: ТЕКСТОВЫЕ МАТЕРИАЛЫ, МОНОГРАФИЧЕСКИЕ
Кодированные данные о монографическом текстовом документе y|||z|||110zy
200 1# - ЗАГЛАВИЕ И СВЕДЕНИЯ ОБ ОТВЕТСТВЕННОСТИ
Основное заглавие От дифференциации наук - к трансдисциплинарности
Сведения, относящиеся к заглавию материалы Всероссийской научно-практической конференции с международным участием, посвященной 250-летию Александра фон Гумбольдта (Абакан, 25-27 сентября 2019 г.)
Первые сведения об ответственности Министерство науки и высшего образования Российской Федерации, Федеральное государственное бюджетное образовательное учреждение высшего образования "Хакасский государственный университет им. Н. Ф. Катанова", Институт филологии и межкультурной коммуникации
Последующие сведения об ответственности [редакционная коллегия: И. П. Амзаракова, д-р филол. наук, профессор (отв. редактор) и др.]
210 ## - ПУБЛИКАЦИЯ, РАСПРОСТРАНЕНИЕ И ДР.
Место издания, распространения и т.д. Абакан
Имя издателя, распространителя и т. д. Изд-во ФГБОУ ВО "Хакасский государственный университет им. Н.Ф. Катанова"
Дата издания, распространения и т.д. 2019
215 ## - ФИЗИЧЕСКАЯ ХАРАКТЕРИСТИКА
Специфическое обозначение материала и объем 231 с.
Размеры 21
300 ## - ОБЩИЕ ПРИМЕЧАНИЯ
Текст примечания Текст рус., нем., словац., англ.
320 ## - ПРИМЕЧАНИЯ О НАЛИЧИИ В ДОКУМЕНТЕ БИБЛИОГРАФИИ / УКАЗАТЕЛЯ
Текст примечания Библиогр. в конце ст.
600 #1 - ИМЯ ЛИЦА КАК ПРЕДМЕТ
Начальный элемент ввода Гумбольдт
Часть имени, кроме начального элемента ввода А.
Расширение инициалов личного имени Александр фон
Даты 1769 - 1859
Код системы nlr_sh2
Идентификатор авторитетной/нормативной записи RU\NLR\AUTH\6601580849
606 1# - НАИМЕНОВАНИЕ ТЕМЫ КАК ПРЕДМЕТ
Наименование темы Филология
Формальный подзаголовок Съезды, совещания и т.п
Код системы nlr_sh2
Идентификатор авторитетной/нормативной записи RU\NLR\AUTH\6619068
686 1# - ИНДЕКСЫ ДРУГИХ КЛАССИФИКАЦИЙ
Индекс Д8д(3)Гумбольдт
686 1# - ИНДЕКСЫ ДРУГИХ КЛАССИФИКАЦИЙ
Индекс Б.д(4Г)Гумбольдт
686 1# - ИНДЕКСЫ ДРУГИХ КЛАССИФИКАЦИЙ
Индекс Ш.я434
702 #1 - ИМЯ ЛИЦА - ВТОРИЧНАЯ ОТВЕТСТВЕННОСТЬ
Начальный элемент ввода Амзаракова
Часть имени, кроме начального элемента ввода И. П.
Расширение инициалов личного имени Ирина Петровна
Код отношения Редактор
702 #1 - ИМЯ ЛИЦА - ВТОРИЧНАЯ ОТВЕТСТВЕННОСТЬ
Начальный элемент ввода Гумбольдт
Часть имени, кроме начального элемента ввода А. фон
Даты 1769-1859
Расширение инициалов личного имени Александр фон
Идентификатор авторитетной/нормативной записи RU\NLR\AUTH\7779374
Код отношения Прочие
711 12 - НАИМЕНОВАНИЕ ОРГАНИЗАЦИИ - АЛЬТЕРНАТИВНАЯ ОТВЕТСТВЕННОСТЬ
Начальный элемент ввода "От дифференциации наук - к трансдисциплинарности", всероссийская научно-практическая конференция с международным участием
Дата проведения временной организации 2019
Место проведения временной организации Абакан
Идентификатор авторитетной/нормативной записи RU\NLR\AUTH\880513651
712 02 - НАИМЕНОВАНИЕ ОРГАНИЗАЦИИ - ВТОРИЧНАЯ ОТВЕТСТВЕННОСТЬ
Начальный элемент ввода Хакасский государственный университет им. Н. Ф. Катанова
Идентифицирующий признак Абакан
Структурное подразделение Институт филологии и межкультурной коммуникации
Идентификатор авторитетной/нормативной записи RU\NLR\AUTH\8810224035
Код отношения Прочие
942 ## - ДОПОЛНИТЕЛЬНЫЕ ЭЛЕМЕНТЫ ЗАПИСИ (АБИС)
Тип экземпляра АБИС Книга
980 ## - КОЛЛЕКЦИЯ
Название коллекции НБР
980 ## - КОЛЛЕКЦИЯ
Название коллекции Национальная библиография

Нет доступных экземпляров.